LIBRARY & INFORMATION CENTRE, KCAET, TAVANUR

ONLINE PUBLIC ACCESS CATALOGUE (OPAC)

Solar energy utilisation / (Record no. 11097)

MARC details
000 -LEADER
fixed length control field 00410cam a2200169ua 4500
003 - CONTROL NUMBER IDENTIFIER
control field OSt
008 - FIXED-LENGTH DATA ELEMENTS--GENERAL INFORMATION
fixed length control field 241030b |||||||| |||| 00| 0 eng d
041 ## - LANGUAGE CODE
Language code of text/sound track or separate title eng
082 ## - DEWEY DECIMAL CLASSIFICATION NUMBER
Classification number 621.47
Item number RAI/SO
100 ## - MAIN ENTRY--AUTHOR NAME
Personal name Rai, G D.
245 ## - TITLE STATEMENT
Title Solar energy utilisation /
250 ## - EDITION STATEMENT
Edition statement 5 /
260 ## - PUBLICATION, DISTRIBUTION, ETC. (IMPRINT)
Place of publication Delhi :
Name of publisher Khanna publishers ,
Year of publication 2000.
300 ## - PHYSICAL DESCRIPTION
Number of Pages 644 ; .
500 ## - GENERAL NOTE
General note 19607-68,18992-93 Scheme
942 ## - ADDED ENTRY ELEMENTS (KOHA)
Koha item type Books
Holdings
Withdrawn status Lost status Damaged status Home library Current library Shelving location Date acquired Full call number Accession Number Koha item type
      KAUAET KAUAET Scheme 07/04/2012 621.47 RAI/SO 19607 Book Bank scheme for SC students
      KAUAET KAUAET Scheme 07/04/2012 621.47 RAI/SO 19608 Book Bank scheme for SC students
      KAUAET KAUAET Scheme 07/04/2012 621.47 RAI/SO 18993 Book Bank scheme for SC students
      KAUAET KAUAET Scheme 07/04/2012 621.47 RAI/SO 18992 Book Bank scheme for SC students
      KAUAET KAUAET Shelf- 7A 07/04/2012 621.47 RAI/SO 21274 Books
free website counter